Guess the Harry Styles song - Statistics

General Stats
  • This quiz has been taken 5,383 times
  • The average score is 10 of 15
Answer Stats
Hint Answer % Correct
Sends his assistant for coffee in the afternoon Around 1:32 She
83%
We can meet again somewhere Somewhere far away from here Sign of the Times
78%
Test of my patience There's things that we'll never know Fine Line
76%
Brown skin and lemon over ice Would you believe it? Adore You
75%
How would I tell her that she's all I think about? Well, I guess she just found out Carolina
70%
Brooklyn saw me, empty at the news There's no water inside this swimming pool Ever Since New York
69%
We're on bicycles, saying, "There's life out there" You got the antidote, I'll take one to go, go, please Daylight
68%
I've never been a fan of change But I'd follow you to any place Late Night Talking
65%
Why won't you ever say what you want to say? Even my phone misses your call, by the way From the Dining Table
63%
We share the last line Then we drink the wall 'Til we wanna talk Satellite
62%
I just hope you see me in a little better light Do you think it's easy being of the jealous kind? To Be So Lonely
61%
It gets hard to know what he's thinking You love a fool who knows just how to get under your skin Boyfriends
60%
End up meeting in the hallway every single time And there's nothing we can do about it Only Angel
59%
Giving second chances I don't need all the answers Treat People With Kindness
55%
Stay until the morning 'Cause, baby, loving you's the real thing It just feels right Daydreaming
50%
No matching quizzes found
Score Distribution
Percent of People with Each Score
Percentile by Number Answered
Your Score History
You have not taken this quiz